000
00273nam a22001097a 4500
008
170126b xxu||||| |||| 00| 0 eng d
020
_a
0070607273
041
_a
eng
080
_2
6TH
_a
61
245
_a
THE METABOLIC BASIS OF INHERITED DISEASE
_c
SCRIVER, CH.R
942
_2
udc
_c
BK
999
_c
3782
_d
3782